| 000 | 00388cam a2200157ua 4500 | ||
|---|---|---|---|
| 041 |
_aeng _h |
||
| 082 |
_a828.09 _bEMP/SO |
||
| 100 | _aEmpson, William . | ||
| 245 |
_aSome versions of pastoral / _cWilliam Empson. _hTextual Documents |
||
| 250 |
_a1 / _b. |
||
| 260 |
_aLondon : _bChatto and Windus , _c1950. |
||
| 300 | _a298 ; . | ||
| 504 | _a | ||
| 942 | _cBK | ||
| 999 |
_c3566 _d3566 |
||